EDUCATIONAL TECHNOLOGY (Record no. 22360)

MARC details
000 -LEADER
fixed length control field 00394nam a22001697a 4500
003 - CONTROL NUMBER IDENTIFIER
control field OSt
005 - DATE AND TIME OF LATEST TRANSACTION
control field 20211213093303.0
008 - FIXED-LENGTH DATA ELEMENTS--GENERAL INFORMATION
fixed length control field 211213b |||||||| |||| 00| 0 eng d
020 ## - INTERNATIONAL STANDARD BOOK NUMBER
International Standard Book Number 8176484857
040 ## - CATALOGING SOURCE
Transcribing agency HU
082 ## - DEWEY DECIMAL CLASSIFICATION NUMBER
Classification number 371.3078/EDU
100 ## - MAIN ENTRY--PERSONAL NAME
Personal name N. VENKATAIAH
9 (RLIN) 22748
245 ## - TITLE STATEMENT
Title EDUCATIONAL TECHNOLOGY
260 ## - PUBLICATION, DISTRIBUTION, ETC.
Place of publication, distribution, etc. NEW DELHI
Name of publisher, distributor, etc. APH
Date of publication, distribution, etc. 2016
300 ## - PHYSICAL DESCRIPTION
Extent 234P
942 ## - ADDED ENTRY ELEMENTS (KOHA)
Source of classification or shelving scheme Dewey Decimal Classification
Koha item type Books like text book referance book
Suppress in OPAC No
Holdings
Withdrawn status Lost status Source of classification or shelving scheme Damaged status Not for loan Home library Current library Shelving location Date acquired Total Checkouts Full call number Barcode Date last seen Copy number Price effective from Koha item type
    Dewey Decimal Classification     Social Library Social Library General Stacks 12/13/2021   371.3078/EDU SHLIB00012501 12/13/2021 2 12/13/2021 Books like text book referance book
    Dewey Decimal Classification     Social Library Social Library General Stacks 12/13/2021   371.3078/EDU SHLIB00012500 12/13/2021 1 12/13/2021 Books like text book referance book